Crítica de la filosofía del Estado y del derecho de Hegel /

Tallennettuna:
Bibliografiset tiedot
Päätekijä: Marx, Karl (autor)
Aineistotyyppi: Kirja
Kieli:espanja
Julkaistu: México : Ediciones de Cultura Popular, 1975, c1975
Sarja:(Biblioteca Marx-Engels ; 19)
Aiheet:
Tagit: Lisää tagi
Ei tageja, Lisää ensimmäinen tagi!

MARC

LEADER 00000nam^a2200000^a^4500
001 000183716
005 20250521000000.0
009 20260310102051.337
037 |a Acervo ITESO - Biblioteca 
041 |a ESP 
082 |a 141.  |b HEG EST MAR 
100 |a Marx, Karl  |e (autor) 
245 1 0 |a Crítica de la filosofía del Estado y del derecho de Hegel /  |c K. Marx. 
264 4 |a México :  |b Ediciones de Cultura Popular,  |c 1975, c1975 
300 |a 194 p. 
336 |a texto  |b txt  |2 rdacontenido 
337 |a sin mediación  |b n  |2 rdamedio 
338 |a volumen  |b nc  |2 rdasoporte 
440 1 |a (Biblioteca Marx-Engels ;  |v 19) 
649 |a XX 
650 |a Filósofos Alemanes 
650 |a Cartas Alemanas 
650 |a Estado, El -  |x Filosofía 
650 |a Derecho -  |x Filosofía 
650 |a Filosofía Política 
650 |a Materialismo Histórico y Dialéctico 
650 |a Marxismo 
650 |a Idealismo -  |x Historia y Crítica -  |x Tema Principal 
650 |a Filosofía del Siglo XX -  |x Historia y Crítica 
650 |a Filosofía Alemana -  |x Historia y Crítica 
650 |a Hegel, Friedrich -  |x Tema Principal 
910 |a Fondo Armando Suárez Gómez 
920 |a Impresos - Libros 
930 |a Fondos Especiales 
905 |a 111 
901 |a 0700001095  |b IT2  |c ESP  |u 20250521 
902 |a https://opac.biblio.iteso.mx/vufind/Record/000183716